A Pluralistic Introduction To Macroeconomics : (Record no. 43445)
[ view plain ]
| 000 -LEADER | |
|---|---|
| fixed length control field | 01061cam a2200301 i 4500 |
| 001 - CONTROL NUMBER | |
| control field | 23481600 |
| 005 - DATE AND TIME OF LATEST TRANSACTION | |
| control field | 20250327144635.0 |
| 008 - FIXED-LENGTH DATA ELEMENTS--GENERAL INFORMATION | |
| fixed length control field | 231228s2024 enk b 001 0 eng |
| 010 ## - LIBRARY OF CONGRESS CONTROL NUMBER | |
| LC control number | 2023952681 |
| 020 ## - INTERNATIONAL STANDARD BOOK NUMBER | |
| International Standard Book Number | 9781035322336 |
| 020 ## - INTERNATIONAL STANDARD BOOK NUMBER | |
| International Standard Book Number | 9781035322350 |
| 020 ## - INTERNATIONAL STANDARD BOOK NUMBER | |
| Canceled/invalid ISBN | 9781035322343 |
| 042 ## - AUTHENTICATION CODE | |
| Authentication code | pcc |
| 082 ## - DEWEY DECIMAL CLASSIFICATION NUMBER | |
| Classification number | 330.09 BER |
| 100 1# - MAIN ENTRY--PERSONAL NAME | |
| Author | Berg, Van den Hendrik, |
| 245 12 - TITLE STATEMENT | |
| Title | A Pluralistic Introduction To Macroeconomics : |
| Remainder of title | Methodology Theory And Policy |
| 260 ## - PUBLICATION, DISTRIBUTION, ETC. | |
| Place | UK |
| Publisher | Edward Elgar Pub. |
| Publication Year | 2024 |
| 300 ## - PHYSICAL DESCRIPTION | |
| Extent | 499 pages ; |
| Dimensions | 26 cm |
| 504 ## - BIBLIOGRAPHY, ETC. NOTE | |
| Bibliography, etc. note | Includes bibliographical references (pages 471-482) and index. |
| 650 #0 - SUBJECT ADDED ENTRY--TOPICAL TERM | |
| Subject | Macroeconomics |
| 942 ## - ADDED ENTRY ELEMENTS (KOHA) | |
| Koha item type | Books |
| 264 #1 - PRODUCTION, PUBLICATION, DISTRIBUTION, MANUFACTURE, AND COPYRIGHT NOTICE | |
| Place of production, publication, distribution, manufacture | Cheltenham, UK ; |
| -- | Northampton, MA, USA : |
| Name of producer, publisher, distributor, manufacturer | Edward Elgar Publishing, |
| Date of production, publication, distribution, manufacture, or copyright notice | [2024] |
| 336 ## - CONTENT TYPE | |
| Content type term | text |
| Content type code | txt |
| Source | rdacontent |
| 337 ## - MEDIA TYPE | |
| Media type term | unmediated |
| Media type code | n |
| Source | rdamedia |
| 338 ## - CARRIER TYPE | |
| Carrier type term | volume |
| Carrier type code | nc |
| Source | rdacarrier |
| 906 ## - LOCAL DATA ELEMENT F, LDF (RLIN) | |
| a | 7 |
| b | cbc |
| c | origres |
| d | 2 |
| e | ncip |
| f | 20 |
| g | y-gencatlg |
| Withdrawn status | Lost status | Source of classification or shelving scheme | Damaged status | Not for loan | Home library | Current library | Shelving location | Accession Date | Vendor | Price | Bill number | Total Checkouts | Full call number | Barcode No | Date last seen | Discount | Bill Date | Koha item type | Suggested By |
|---|---|---|---|---|---|---|---|---|---|---|---|---|---|---|---|---|---|---|---|
| Dewey Decimal Classification | IMTN | IMTN | Rack 7-A | 03/24/2025 | Raghav Books Private Limited | 5002.94 | 2374 | 330.09 BER | 33736 | 03/27/2025 | 33 | 02/14/2025 | Books | Dr. Veena Pailwar |